Programming with Pascal ( PR ) (Record no. 3433)

MARC details
000 -LEADER
fixed length control field 00441nam a2200169Ia 4500
008 - FIXED-LENGTH DATA ELEMENTS--GENERAL INFORMATION
fixed length control field 221030s9999 xx 000 0 und d
020 ## - INTERNATIONAL STANDARD BOOK NUMBER
ISBN 0074634429
041 ## - LANGUAGE CODE
Language code of text/sound track or separate title
082 ## - DEWEY DECIMAL CLASSIFICATION NUMBER
Classification number 105.23
Item number Ven
100 ## - MAIN ENTRY--AUTHOR NAME
Personal name K. R. Venugopal ( PR )
245 #0 - TITLE STATEMENT
Title Programming with Pascal ( PR )
Statement of responsibility, etc by K. R. Venugopal ( PR ), C. M. Maya
260 ## - PUBLICATION, DISTRIBUTION, ETC. (IMPRINT)
Name of publisher TMH
Place of publication New Delhi
Year of publication 2001
300 ## - PHYSICAL DESCRIPTION
Number of Pages 528
650 ## - SUBJECT ADDED ENTRY--TOPICAL TERM
Topical Term BE Computer
700 ## - ADDED ENTRY--PERSONAL NAME
Personal name C. M. Maya
942 ## - ADDED ENTRY ELEMENTS (KOHA)
Koha item type Books
Holdings
Accession Number Cost, normal purchase price Full call number Price effective from Koha item type Withdrawn / writtenoff status Materials specified (bound volume or other part) Damaged status Not for loan Permanent Location Current Location Shelving location Date acquired Lost/ Missing status department
BE 6999 165.00 105.23 Ven 10/30/2022 Books   Print     MIET Library, Jammu MIET Library, Jammu BL-Payment, FL-1, CUP-91, SH-3, R-3 11/30/2005   BE